[Event "21. Torneo San Viator 2013"]
[Site "Madrid ESP"]
[Date "2013.11.17"]
[Round "9.2"]
[White "Cabanas Bravo, Juan Andres"]
[Black "Nunez Miranda, Adrian"]
[Result "0-1"]
[WhiteElo "2089"]
[BlackElo "2006"]
[PlyCount "44"]
[EventDate "2013.09.29"]
[EventType "swiss"]
[EventRounds "9"]
[EventCountry "ESP"]
[SourceTitle "Ajedrez en Madrid"]
[Source "lmi"]
[SourceDate "2013.09.29"]
[SourceVersion "1"]
[SourceVersionDate "2013.12.25"]
[SourceQuality "1"]

1. e4 e5 2. d4 exd4 3. c3 d3 4. Bxd3 d6 5. Nf3 Be7 6. O-O Nf6 7. Qb3 O-O 8. e5
dxe5 9. Rd1 Bd6 10. Bc4 Nc6 11. Na3 Bg4 12. Bg5 e4 13. h3 Bh5 14. Rd5 exf3 15.
Bxf6 Qxf6 16. Rxh5 Qg6 17. g4 Ne5 18. Qb5 c6 19. Qxb7 Rab8 20. Qxa7 Nxg4 21.
hxg4 Qxg4+ 22. Kf1 Rbe8 0-1

[Event "21. Torneo San Viator 2013"]
[Site "Madrid ESP"]
[Date "2013.11.17"]
[Round "9.3"]
[White "Gil Sierra, Jacinto"]
[Black "Iturbide Arnedo, Oscar"]
[Result "1-0"]
[WhiteElo "2041"]
[BlackElo "2159"]
[PlyCount "87"]
[EventDate "2013.09.29"]
[EventType "swiss"]
[EventRounds "9"]
[EventCountry "ESP"]
[SourceTitle "Ajedrez en Madrid"]
[Source "lmi"]
[SourceDate "2013.09.29"]
[SourceVersion "1"]
[SourceVersionDate "2013.12.25"]
[SourceQuality "1"]

1. e4 g6 2. d4 Bg7 3. c3 d5 4. Nd2 c5 5. Ngf3 cxd4 6. cxd4 Nf6 7. Bd3 O-O 8. e5
Ng4 9. h3 Nh6 10. O-O Nc6 11. Re1 Qb6 12. Nb3 a5 13. Be3 Nf5 14. Bxf5 Bxf5 15.
Qd2 f6 16. Nc5 Qb4 17. exf6 exf6 18. Rac1 Qb6 19. g4 Bc8 20. Bf4 Nb4 21. a3 Na6
22. Nxa6 bxa6 23. Bc7 Qb3 24. Rc3 Qa4 25. Rc5 Qd7 26. Qxa5 Bb7 27. Qb6 Bc8 28.
Bd6 Re8 29. Rec1 h5 30. Rc7 Qb5 31. Qxb5 axb5 32. gxh5 gxh5 33. Kg2 Bf5 34. Nh4
Be4+ 35. Kg3 Ra4 36. Bb4 Ra6 37. Rg1 Kh7 38. Kf4 Rg8 39. Nf5 Bxf5 40. Kxf5 Kh8
41. Rg6 Raa8 42. Be7 Rae8 43. Bxf6 Ref8 44. Rh6# 1-0

[Event "21. Torneo San Viator 2013"]
[Site "Madrid ESP"]
[Date "2013.11.17"]
[Round "9.4"]
[White "Alonso Vara, Maria"]
[Black "Rosa Ramirez, Victor D"]
[Result "0-1"]
[WhiteElo "1842"]
[BlackElo "1991"]
[PlyCount "48"]
[EventDate "2013.09.29"]
[EventType "swiss"]
[EventRounds "9"]
[EventCountry "ESP"]
[SourceTitle "Ajedrez en Madrid"]
[Source "lmi"]
[SourceDate "2013.09.29"]
[SourceVersion "1"]
[SourceVersionDate "2013.12.25"]
[SourceQuality "1"]

1. e4 e6 2. d4 d5 3. Nc3 Bb4 4. e5 c5 5. a3 cxd4 6. Qxd4 Nc6 7. Bb5 Ba5 8. Bd2
Nge7 9. g4 Bd7 10. Bxc6 Bxc6 11. Nge2 Ng6 12. f4 Qh4+ 13. Ng3 Qxg4 14. Rf1 Nh4
15. Qd3 Ng2+ 16. Kf2 Nh4 17. Qe2 Qg6 18. Be3 a6 19. b4 Bd8 20. Rg1 Nf5 21. Nxf5
Qxf5 22. Rxg7 d4 23. Bxd4 Qxf4+ 24. Ke1 Qxd4 0-1

[Event "21. Torneo San Viator 2013"]
[Site "Madrid ESP"]
[Date "2013.11.17"]
[Round "9.5"]
[White "Crespo Villalba, Israel"]
[Black "Tirado Parra, Alberto"]
[Result "0-1"]
[WhiteElo "1886"]
[BlackElo "1937"]
[PlyCount "40"]
[EventDate "2013.09.29"]
[EventType "swiss"]
[EventRounds "9"]
[EventCountry "ESP"]
[SourceTitle "Ajedrez en Madrid"]
[Source "lmi"]
[SourceDate "2013.09.29"]
[SourceVersion "1"]
[SourceVersionDate "2013.12.25"]
[SourceQuality "1"]

1. e4 d5 2. exd5 Qxd5 3. Nc3 Qa5 4. d4 Nf6 5. Bc4 Bf5 6. Nf3 e6 7. O-O c6 8.
Re1 Be7 9. Nh4 Bg4 10. Qd3 Nbd7 11. Bd2 Qh5 12. g3 g5 13. Ng2 Bf3 14. Ne3 Nb6
15. Qf1 Nxc4 16. Qxc4 Rg8 17. d5 Rg6 18. dxe6 Ne4 19. exf7+ Kf8 20. Nxe4 Qxh2+
0-1

[Event "21. Torneo San Viator 2013"]
[Site "Madrid ESP"]
[Date "2013.11.17"]
[Round "9.6"]
[White "Luna Hermoso, Angel"]
[Black "Cano Mercado, Francisco Manuel"]
[Result "0-1"]
[WhiteElo "1979"]
[BlackElo "1840"]
[PlyCount "34"]
[EventDate "2013.09.29"]
[EventType "swiss"]
[EventRounds "9"]
[EventCountry "ESP"]
[SourceTitle "Ajedrez en Madrid"]
[Source "lmi"]
[SourceDate "2013.09.29"]
[SourceVersion "1"]
[SourceVersionDate "2013.12.25"]
[SourceQuality "1"]

1. d4 Nf6 2. Nf3 e6 3. c4 Bb4+ 4. Bd2 Be7 5. Qc2 d5 6. Nc3 O-O 7. e4 dxe4 8.
Nxe4 c5 9. dxc5 Nc6 10. Bc3 Nxe4 11. Qxe4 Bxc5 12. Rd1 Qb6 13. Rd2 Qc7 14. Bd3
f5 15. Qh4 e5 16. O-O e4 17. Ng5 h6 0-1

[Event "21. Torneo San Viator 2013"]
[Site "Madrid ESP"]
[Date "2013.11.17"]
[Round "9.8"]
[White "Padin Lazaro, Jose Manuel"]
[Black "Gutierrez Sanchez, Fernando"]
[Result "1-0"]
[WhiteElo "1837"]
[BlackElo "1945"]
[PlyCount "53"]
[EventDate "2013.09.29"]
[EventType "swiss"]
[EventRounds "9"]
[EventCountry "ESP"]
[SourceTitle "Ajedrez en Madrid"]
[Source "lmi"]
[SourceDate "2013.09.29"]
[SourceVersion "1"]
[SourceVersionDate "2013.12.25"]
[SourceQuality "1"]

1. e4 e5 2. Nf3 Nc6 3. Bb5 a6 4. Ba4 Nf6 5. O-O Be7 6. Re1 b5 7. Bb3 d6 8. c3
O-O 9. h3 Bb7 10. d4 Na5 11. Bc2 c5 12. Bg5 Nd7 13. Bxe7 Qxe7 14. Nbd2 cxd4 15.
cxd4 Rac8 16. a4 Nc6 17. axb5 axb5 18. dxe5 dxe5 19. Bb3 Rfd8 20. Qe2 Qb4 21.
Ng5 Rf8 22. Rad1 Nd4 23. Qh5 Nf6 24. Bxf7+ Kh8 25. Qh4 Rc2 26. Nxh7 Nxh7 27.
Bg6 1-0

[Event "21. Torneo San Viator 2013"]
[Site "Madrid ESP"]
[Date "2013.11.17"]
[Round "9.9"]
[White "Lopez Ziegler, Carlos"]
[Black "Garcia Martin, Esteban"]
[Result "1-0"]
[WhiteElo "1944"]
[BlackElo "1892"]
[PlyCount "83"]
[EventDate "2013.09.29"]
[EventType "swiss"]
[EventRounds "9"]
[EventCountry "ESP"]
[SourceTitle "Ajedrez en Madrid"]
[Source "lmi"]
[SourceDate "2013.09.29"]
[SourceVersion "1"]
[SourceVersionDate "2013.12.25"]
[SourceQuality "1"]

1. e4 c5 2. Nc3 Nc6 3. f4 g6 4. Nf3 Bg7 5. Bb5 e6 6. Bxc6 bxc6 7. O-O Ne7 8. d3
d5 9. e5 Ba6 10. Na4 c4 11. Nc5 cxd3 12. cxd3 h5 13. Be3 Nf5 14. Bf2 Bc8 15.
Re1 Bf8 16. Qa4 Bd7 17. Rac1 Bh6 18. g3 O-O 19. Nxd7 Qxd7 20. Qxc6 Rfd8 21.
Qxd7 Rxd7 22. Nd4 Rb7 23. Nxf5 gxf5 24. Re2 h4 25. Kg2 hxg3 26. hxg3 Rab8 27.
b3 a5 28. Rec2 Kh7 29. Bc5 a4 30. b4 Kg6 31. a3 Bf8 32. Bxf8 Rxf8 33. Rc8 Kg7
34. Rxf8 Kxf8 35. Kf3 Ke7 36. Rc5 Ra7 37. g4 fxg4+ 38. Kxg4 Kd7 39. f5 Ra8 40.
f6 Rg8+ 41. Kf4 Ra8 42. Ra5 1-0

[Event "21. Torneo San Viator 2013"]
[Site "Madrid ESP"]
[Date "2013.11.17"]
[Round "9.10"]
[White "Jimenez Gonzalez, Marcos"]
[Black "Perez Calahorra, Ricardo"]
[Result "1/2-1/2"]
[WhiteElo "1847"]
[BlackElo "2126"]
[PlyCount "65"]
[EventDate "2013.09.29"]
[EventType "swiss"]
[EventRounds "9"]
[EventCountry "ESP"]
[SourceTitle "Ajedrez en Madrid"]
[Source "lmi"]
[SourceDate "2013.09.29"]
[SourceVersion "1"]
[SourceVersionDate "2013.12.25"]
[SourceQuality "1"]

1. e4 c5 2. Nf3 d6 3. d4 cxd4 4. Nxd4 Nf6 5. Nc3 a6 6. Be3 Ng4 7. Bg5 h6 8. Bh4
g5 9. Bg3 Bg7 10. h3 Ne5 11. Be2 Nbc6 12. Nb3 Be6 13. Nd5 Ng6 14. c3 O-O 15.
O-O f5 16. exf5 Bxf5 17. Qd2 Rb8 18. Kh1 Qd7 19. Nb6 Qe8 20. Bh5 Qd8 21. Qe3
Nf4 22. Bg4 Bxg4 23. hxg4 Rf7 24. Rad1 Qc7 25. Nd5 Nxd5 26. Rxd5 Rbf8 27. f3 b5
28. Qe2 Qb8 29. Rfd1 Qc8 30. Qe4 Rf6 31. Re1 Kf7 32. Nd4 Nxd4 33. Qxe7+ 1/2-1/2

[Event "21. Torneo San Viator 2013"]
[Site "Madrid ESP"]
[Date "2013.11.17"]
[Round "9.11"]
[White "Tevar Sanz, Gonzalo"]
[Black "Madurga Lopez, Ignacio"]
[Result "0-1"]
[WhiteElo "1836"]
[BlackElo "2074"]
[PlyCount "46"]
[EventDate "2013.09.29"]
[EventType "swiss"]
[EventRounds "9"]
[EventCountry "ESP"]
[SourceTitle "Ajedrez en Madrid"]
[Source "lmi"]
[SourceDate "2013.09.29"]
[SourceVersion "1"]
[SourceVersionDate "2013.12.25"]
[SourceQuality "1"]

1. d4 c5 2. d5 Nf6 3. c4 b5 4. cxb5 a6 5. bxa6 g6 6. Nc3 Bxa6 7. g3 d6 8. Bg2
Bg7 9. Nf3 Nbd7 10. h3 Nb6 11. O-O Ra7 12. Re1 O-O 13. e4 Nfd7 14. Bf1 Bxf1 15.
Kxf1 Qa8 16. Qc2 Rb8 17. Bg5 Na4 18. Reb1 Ndb6 19. Bd2 Nxc3 20. bxc3 Nc4 21.
Rxb8+ Qxb8 22. Qb3 Qxb3 23. axb3 Rxa1+ 0-1

[Event "21. Torneo San Viator 2013"]
[Site "Madrid ESP"]
[Date "2013.11.17"]
[Round "9.12"]
[White "Garcia-Ruiz Fuentes, Angel M"]
[Black "Rodriguez Orgaz, Cesar"]
[Result "1-0"]
[WhiteElo "2042"]
[BlackElo "1820"]
[PlyCount "89"]
[EventDate "2013.09.29"]
[EventType "swiss"]
[EventRounds "9"]
[EventCountry "ESP"]
[SourceTitle "Ajedrez en Madrid"]
[Source "lmi"]
[SourceDate "2013.09.29"]
[SourceVersion "1"]
[SourceVersionDate "2013.12.25"]
[SourceQuality "1"]

1. e4 c5 2. Nf3 e6 3. d4 cxd4 4. Nxd4 a6 5. Nc3 Qc7 6. Be2 Nc6 7. Be3 Nge7 8.
O-O Nxd4 9. Qxd4 Nc6 10. Qd2 Be7 11. f4 Na5 12. Qd4 Bf6 13. e5 Be7 14. Ne4 Qxc2
15. Bd3 Qc7 16. Nd6+ Kf8 17. Be4 Nc6 18. Qb6 Qxb6 19. Bxb6 Bd8 20. Bxd8 Nxd8
21. Rfc1 Nc6 22. b4 Ke7 23. Rc4 f6 24. Rac1 fxe5 25. fxe5 Rb8 26. a4 b5 27.
axb5 axb5 28. Rc5 Rd8 29. Bxc6 dxc6 30. Rxc6 Bb7 31. Rf1 Rxd6 32. Rxd6 Bd5 33.
Ra1 Rb7 34. Rda6 Kf7 35. Ra7 Rxa7 36. Rxa7+ Kg6 37. g3 h5 38. Kf2 Kh6 39. Ke3
g6 40. Rc7 Kg5 41. Rc5 Bc4 42. Rxc4 bxc4 43. Kd4 Kf5 44. Kxc4 Kxe5 45. Kc5 1-0

[Event "21. Torneo San Viator 2013"]
[Site "Madrid ESP"]
[Date "2013.11.17"]
[Round "9.13"]
[White "Villanueva Ortega, Ruben"]
[Black "Lobato Rivero, Carlos"]
[Result "0-1"]
[WhiteElo "1782"]
[BlackElo "2007"]
[PlyCount "62"]
[EventDate "2013.09.29"]
[EventType "swiss"]
[EventRounds "9"]
[EventCountry "ESP"]
[SourceTitle "Ajedrez en Madrid"]
[Source "lmi"]
[SourceDate "2013.09.29"]
[SourceVersion "1"]
[SourceVersionDate "2013.12.25"]
[SourceQuality "1"]

1. d4 g6 2. Bf4 Bg7 3. e3 c5 4. c3 d5 5. Nf3 Nc6 6. Nbd2 Nf6 7. h3 O-O 8. Bd3
Re8 9. Ne5 Nd7 10. Nxd7 Bxd7 11. Bg5 Qb6 12. Qb3 Qxb3 13. axb3 cxd4 14. exd4 e5
15. dxe5 Nxe5 16. Be2 Nd3+ 17. Kf1 Nxb2 18. Rc1 Rac8 19. Nb1 Bf5 20. Bb5 Bd3+
21. Bxd3 Nxd3 22. Rd1 Bxc3 23. Be3 Nb4 24. Bxa7 d4 25. g3 Nc6 26. Bc5 Na5 27.
b4 Nb3 28. Nxc3 dxc3 29. Rd3 c2 30. Rxb3 c1=Q+ 31. Kg2 Re1 0-1

[Event "21. Torneo San Viator 2013"]
[Site "Madrid ESP"]
[Date "2013.11.17"]
[Round "9.14"]
[White "Rodriguez Alonso, Marcos"]
[Black "Martin Mazuelo, Miguel"]
[Result "1-0"]
[WhiteElo "1666"]
[BlackElo "1992"]
[PlyCount "135"]
[EventDate "2013.09.29"]
[EventType "swiss"]
[EventRounds "9"]
[EventCountry "ESP"]
[SourceTitle "Ajedrez en Madrid"]
[Source "lmi"]
[SourceDate "2013.09.29"]
[SourceVersion "1"]
[SourceVersionDate "2013.12.25"]
[SourceQuality "1"]

1. e4 g6 2. d4 Bg7 3. Nf3 c6 4. Nc3 d5 5. exd5 cxd5 6. Be2 Nf6 7. O-O O-O 8.
Re1 Nc6 9. Bb5 Bg4 10. Be3 Qb6 11. a4 a6 12. Bxc6 Qxc6 13. h3 Bxf3 14. Qxf3 e6
15. Qe2 Rfc8 16. f3 b6 17. Rec1 Ne8 18. Nd1 Nd6 19. c3 Qb7 20. Bf4 Nf5 21. Ne3
Nxe3 22. Qxe3 Rc6 23. Qe2 Rac8 24. Qd3 b5 25. axb5 axb5 26. Ra5 Rb6 27. b4 Qc6
28. Rca1 Bf6 29. R1a3 Be7 30. Bg3 Kg7 31. Ra7 Bd6 32. Bxd6 Qxd6 33. R7a5 Rc4
34. Qe3 Qc7 35. Ra7 Qg3 36. Ra2 h6 37. R2a3 Qg5 38. f4 Qf5 39. g4 Qe4 40. Kf2
Rbc6 41. Qxe4 dxe4 42. Ke3 Rxc3+ 43. Kxe4 R3c4 44. Rd7 Rc7 45. Rxc7 Rxc7 46.
Ra5 Rb7 47. d5 Kf6 48. dxe6 Kxe6 49. Ra6+ Ke7 50. Ke5 Rb8 51. Ra7+ Kf8 52. Kd6
Rb6+ 53. Kc5 Rf6 54. Kxb5 Rxf4 55. Kc5 Rf3 56. b5 Rxh3 57. b6 Rb3 58. b7 Kg7
59. Kc6 Kf6 60. Ra6 Kg5 61. Rb6 Rc3+ 62. Kd7 Rc4 63. b8=Q Rxg4 64. Qd8+ Kh5 65.
Ke7 Re4+ 66. Kxf7 g5 67. Qd1+ Rg4 68. Rb4 1-0

[Event "21. Torneo San Viator 2013"]
[Site "Madrid ESP"]
[Date "2013.11.17"]
[Round "9.16"]
[White "Camarero Izquierdo, Juan Carlo"]
[Black "Navarro Gonzalez, Jaime"]
[Result "1-0"]
[WhiteElo "1893"]
[BlackElo "1795"]
[PlyCount "77"]
[EventDate "2013.09.29"]
[EventType "swiss"]
[EventRounds "9"]
[EventCountry "ESP"]
[SourceTitle "Ajedrez en Madrid"]
[Source "lmi"]
[SourceDate "2013.09.29"]
[SourceVersion "1"]
[SourceVersionDate "2013.12.25"]
[SourceQuality "1"]

1. d4 Nf6 2. Nc3 d5 3. Bg5 g6 4. Bxf6 exf6 5. Qd3 c6 6. O-O-O Bd6 7. e4 dxe4 8.
Qxe4+ Be6 9. d5 cxd5 10. Nxd5 O-O 11. Nc3 Qe7 12. h4 Nc6 13. h5 Rfc8 14. hxg6
fxg6 15. Qh4 Be5 16. Nge2 Nb4 17. Nd4 Nxa2+ 18. Nxa2 Bxa2 19. Bd3 Qf7 20. Rh3
Rc7 21. Nf3 Be6 22. Nxe5 fxe5 23. Rf3 Qg7 24. Rh1 Bd5 25. Rg3 e4 26. Bxe4 Bxe4
27. Qxe4 Rac8 28. c3 Qf7 29. Rh6 Rc6 30. Rf3 Qa2 31. Qe7 Qa1+ 32. Kc2 Qa4+ 33.
Kd2 R6c7 34. Qe6+ Kg7 35. Rxh7+ Kxh7 36. Rh3+ Kg7 37. Qe5+ Kf8 38. Rh8+ Kf7 39.
Rh7+ 1-0

[Event "21. Torneo San Viator 2013"]
[Site "Madrid ESP"]
[Date "2013.11.17"]
[Round "9.17"]
[White "Zhynguel Ramirez De Verger, Al"]
[Black "Rodriguez Bittar, Karim Javier"]
[Result "1/2-1/2"]
[WhiteElo "1877"]
[BlackElo "1741"]
[PlyCount "100"]
[EventDate "2013.09.29"]
[EventType "swiss"]
[EventRounds "9"]
[EventCountry "ESP"]
[SourceTitle "Ajedrez en Madrid"]
[Source "lmi"]
[SourceDate "2013.09.29"]
[SourceVersion "1"]
[SourceVersionDate "2013.12.25"]
[SourceQuality "1"]

1. d4 d5 2. c4 c6 3. Nc3 e6 4. e4 dxe4 5. Nxe4 Nf6 6. Nc3 Nbd7 7. Nf3 Bd6 8.
Bd3 b6 9. O-O O-O 10. Qc2 Bb7 11. Re1 Qc7 12. h3 Rfe8 13. Ng5 Nf8 14. Nge4 Nxe4
15. Nxe4 Bh2+ 16. Kh1 Bf4 17. Bxf4 Qxf4 18. Re3 Rad8 19. Qc3 e5 20. dxe5 Qxe5
21. Qc2 c5 22. Ng3 Qf6 23. Be4 Bxe4 24. Nxe4 Qc6 25. Rae1 Ne6 26. Qe2 Rf8 27.
Rg3 Nd4 28. Qh5 Qe6 29. Kh2 Qf5 30. Rg5 Qe6 31. Re3 f5 32. Nxc5 Qd6+ 33. Reg3
Rf7 34. Nb3 f4 35. Rd3 f3+ 36. g3 Qf6 37. Nxd4 Rxd4 38. Rd5 Rxd3 39. Rxd3 g6
40. Qb5 Re7 41. Rd8+ Kg7 42. Rd7 Qe6 43. Rxe7+ Qxe7 44. Qb3 Qe2 45. Qc3+ Kg8
46. Qe3 Qxb2 47. Qe8+ Kg7 48. Qe7+ Kg8 49. Qe8+ Kg7 50. Qe7+ Kg8 1/2-1/2

[Event "21. Torneo San Viator 2013"]
[Site "Madrid ESP"]
[Date "2013.11.17"]
[Round "9.18"]
[White "Perez Sempere, Alberto"]
[Black "Aguilera Lopez, Alejandro"]
[Result "1/2-1/2"]
[WhiteElo "1875"]
[BlackElo "1536"]
[PlyCount "100"]
[EventDate "2013.09.29"]
[EventType "swiss"]
[EventRounds "9"]
[EventCountry "ESP"]
[SourceTitle "Ajedrez en Madrid"]
[Source "lmi"]
[SourceDate "2013.09.29"]
[SourceVersion "1"]
[SourceVersionDate "2013.12.25"]
[SourceQuality "1"]

1. e4 c5 2. Nf3 Nc6 3. d4 cxd4 4. Nxd4 e6 5. Nc3 Bb4 6. Ndb5 Nf6 7. a3 Bxc3+ 8.
Nxc3 d5 9. exd5 exd5 10. Bb5 O-O 11. O-O h6 12. b4 Bf5 13. Bb2 a6 14. Ba4 b5
15. Bb3 d4 16. Ne2 d3 17. cxd3 Qxd3 18. Bxf6 gxf6 19. Rc1 Ne5 20. Rc3 Qxd1 21.
Rg3+ Kh7 22. Rxd1 Rfd8 23. Nd4 Be6 24. Bc2+ f5 25. f4 Ng6 26. Rf3 Rac8 27. Nxe6
fxe6 28. g3 Rxd1+ 29. Bxd1 Rc1 30. Rd3 Nf8 31. Kf2 Ra1 32. Ke3 Kg7 33. Kd4 Rc1
34. Bb3 Kf6 35. Rd1 Rxd1+ 36. Bxd1 Nd7 37. Bf3 e5+ 38. fxe5+ Nxe5 39. Bb7 Nc4
40. Bxa6 Nxa3 41. Kc5 Kg5 42. Bxb5 Nc2 43. Be2 Nxb4 44. Kxb4 h5 45. h4+ Kg6 46.
Bd3 Kf6 47. Kc5 Ke5 48. Be2 f4 49. g4 hxg4 50. Bxg4 Kf6 1/2-1/2

[Event "21. Torneo San Viator 2013"]
[Site "Madrid ESP"]
[Date "2013.11.17"]
[Round "9.19"]
[White "Bustos Bernardo, Samuel"]
[Black "Barahona Torrijos, Angel"]
[Result "1/2-1/2"]
[WhiteElo "1686"]
[BlackElo "1867"]
[PlyCount "136"]
[EventDate "2013.09.29"]
[EventType "swiss"]
[EventRounds "9"]
[EventCountry "ESP"]
[SourceTitle "Ajedrez en Madrid"]
[Source "lmi"]
[SourceDate "2013.09.29"]
[SourceVersion "1"]
[SourceVersionDate "2013.12.25"]
[SourceQuality "1"]

1. Nf3 d5 2. d4 Nf6 3. c4 e6 4. Nc3 Bb4 5. Qa4+ Nc6 6. a3 Bxc3+ 7. bxc3 Bd7 8.
Qc2 dxc4 9. e4 Na5 10. Bg5 h6 11. Bh4 Bc6 12. Nd2 g5 13. Bg3 b5 14. Be2 h5 15.
h4 g4 16. Bf4 Nd7 17. f3 e5 18. dxe5 Nc5 19. Rd1 Qe7 20. Be3 Ne6 21. f4 Qxa3
22. O-O Qe7 23. f5 Nc5 24. e6 Nab3 25. exf7+ Kxf7 26. Bg5 Qe8 27. Rde1 Nxd2 28.
Qxd2 Qd7 29. e5 Qxd2 30. e6+ Kg7 31. Bxd2 Ne4 32. Be3 Rhd8 33. Bd4+ Rxd4 34.
cxd4 a5 35. Rd1 Bd5 36. f6+ Nxf6 37. Rf5 Re8 38. Rdf1 Rxe6 39. Bd1 c6 40. Rg5+
Kh6 41. Bc2 Ne4 42. Rg8 Rf6 43. Rxf6+ Nxf6 44. Rg6+ Kh7 45. Rxf6+ Kg7 46. Rf1
b4 47. Ba4 b3 48. Rb1 Be4 49. Rb2 Kf7 50. Kf2 Ke6 51. g3 Kd5 52. Ke3 Bc2 53.
Rxc2 bxc2 54. Bxc2 c5 55. dxc5 Kxc5 56. Ke4 c3 57. Kd3 Kb4 58. Kd4 a4 59. Bxa4
Kxa4 60. Kxc3 Kb5 61. Kd3 Kc5 62. Ke3 Kd5 63. Kf4 Kd4 64. Kg5 Ke3 65. Kxh5 Kf3
66. Kg5 Kxg3 67. h5 Kf3 68. h6 g3 1/2-1/2

[Event "21. Torneo San Viator 2013"]
[Site "Madrid ESP"]
[Date "2013.11.17"]
[Round "9.20"]
[White "Moreno Zamora, Gregorio"]
[Black "Sotoca Aguado, Jose"]
[Result "0-1"]
[WhiteElo "1704"]
[BlackElo "1961"]
[PlyCount "72"]
[EventDate "2013.09.29"]
[EventType "swiss"]
[EventRounds "9"]
[EventCountry "ESP"]
[SourceTitle "Ajedrez en Madrid"]
[Source "lmi"]
[SourceDate "2013.09.29"]
[SourceVersion "1"]
[SourceVersionDate "2013.12.25"]
[SourceQuality "1"]

1. d4 Nf6 2. c4 e6 3. Nc3 Bb4 4. e3 O-O 5. Bd3 c5 6. a3 Bxc3+ 7. bxc3 Nc6 8.
Ne2 d6 9. O-O e5 10. d5 Na5 11. e4 h6 12. f4 Nd7 13. Ng3 Nb6 14. Qe2 Nb3 15.
Rb1 Nxc1 16. Rbxc1 f6 17. f5 Nd7 18. Nh5 Qe8 19. g4 Kh7 20. h4 a6 21. Kf2 Rf7
22. Qe3 Re7 23. Be2 b5 24. Rh1 bxc4 25. Rcg1 Rb8 26. Qd2 g6 27. Ng3 Nf8 28. g5
gxf5 29. gxf6 Rbb7 30. Nh5 Ng6 31. Ng7 Qf7 32. exf5 Nf4 33. Ne6 Bxe6 34. fxe6
Qxf6 35. Ke1 Rb1+ 36. Bd1 Nd3+ 0-1

[Event "21. Torneo San Viator 2013"]
[Site "Madrid ESP"]
[Date "2013.11.17"]
[Round "9.21"]
[White "Loncomilla Sanhueza, Ernesto"]
[Black "Marcos Herrero, Francisco"]
[Result "0-1"]
[WhiteElo "1683"]
[BlackElo "1949"]
[PlyCount "40"]
[EventDate "2013.09.29"]
[EventType "swiss"]
[EventRounds "9"]
[EventCountry "ESP"]
[SourceTitle "Ajedrez en Madrid"]
[Source "lmi"]
[SourceDate "2013.09.29"]
[SourceVersion "1"]
[SourceVersionDate "2013.12.25"]
[SourceQuality "1"]

1. e4 c5 2. c3 Nf6 3. e5 Nd5 4. d4 d6 5. dxc5 dxc5 6. Bb5+ Nc6 7. Bxc6+ bxc6 8.
c4 Nb4 9. Qxd8+ Kxd8 10. Kd2 Bf5 11. Na3 g6 12. Ne2 h5 13. b3 Bh6+ 14. f4 g5
15. g3 gxf4 16. gxf4 Rg8 17. Ke3 Kc7 18. Bb2 Rad8 19. Rad1 Rxd1 20. Rxd1 Rg2
0-1

[Event "21. Torneo San Viator 2013"]
[Site "Madrid ESP"]
[Date "2013.11.17"]
[Round "9.23"]
[White "Sorribes Calle, Pablo"]
[Black "Jimenez Elices, Jose Maria"]
[Result "0-1"]
[WhiteElo "1682"]
[BlackElo "1872"]
[PlyCount "90"]
[EventDate "2013.09.29"]
[EventType "swiss"]
[EventRounds "9"]
[EventCountry "ESP"]
[SourceTitle "Ajedrez en Madrid"]
[Source "lmi"]
[SourceDate "2013.09.29"]
[SourceVersion "1"]
[SourceVersionDate "2013.12.25"]
[SourceQuality "1"]

1. d4 d5 2. c4 e6 3. Nc3 Nf6 4. e3 b6 5. cxd5 exd5 6. Be2 Be6 7. Bf3 Nbd7 8.
Nge2 c6 9. O-O Bd6 10. e4 dxe4 11. Nxe4 Nxe4 12. Bxe4 Bxh2+ 13. Kxh2 Qh4+ 14.
Kg1 Qxe4 15. Nc3 Qf5 16. Re1 O-O 17. Re3 Nf6 18. Re5 Qg4 19. f3 Qg6 20. Rg5 Qh6
21. Qe1 g6 22. Bf4 Nh5 23. Bd2 Qg7 24. Re5 Rfe8 25. Qh4 c5 26. Rae1 cxd4 27.
Nb5 Bd7 28. Rxe8+ Rxe8 29. Nxd4 Rxe1+ 30. Bxe1 Qf6 31. Qf2 Nf4 32. Qd2 Qxd4+
33. Qxd4 Ne2+ 34. Kf2 Nxd4 35. Bc3 Ne6 36. Ke3 Bc6 37. Be5 f5 38. g3 Kf7 39.
Bb8 a6 40. Ba7 b5 41. Bb6 Ke7 42. Ba5 Kd6 43. a3 Kd5 44. Bc3 Kc4 45. f4 Nc5 0-1

[Event "21. Torneo San Viator 2013"]
[Site "Madrid ESP"]
[Date "2013.11.17"]
[Round "9.24"]
[White "Castro Uceda, Jose Antonio"]
[Black "Garcia Sanjuan, Jose"]
[Result "0-1"]
[WhiteElo "1625"]
[BlackElo "1857"]
[PlyCount "52"]
[EventDate "2013.09.29"]
[EventType "swiss"]
[EventRounds "9"]
[EventCountry "ESP"]
[SourceTitle "Ajedrez en Madrid"]
[Source "lmi"]
[SourceDate "2013.09.29"]
[SourceVersion "1"]
[SourceVersionDate "2013.12.25"]
[SourceQuality "1"]

1. d4 b6 2. e4 Bb7 3. Bd3 Nc6 4. Nf3 Nb4 5. O-O d5 6. e5 e6 7. b3 Ne7 8. Bg5 h6
9. Bxe7 Bxe7 10. Re1 c5 11. c3 Nc6 12. Nbd2 O-O 13. Nf1 cxd4 14. cxd4 Bb4 15.
Re2 Bc3 16. Rc1 Nxd4 17. Nxd4 Bxd4 18. Bb1 Bc5 19. Qd3 g6 20. Qh3 Kg7 21. Rc3
Ba6 22. Rec2 Bxf1 23. Kxf1 Qg5 24. Re2 Bb4 25. Rcc2 Rac8 26. Qd3 Qc1+ 0-1

[Event "21. Torneo San Viator 2013"]
[Site "Madrid ESP"]
[Date "2013.11.17"]
[Round "9.25"]
[White "Linares Leyva, David"]
[Black "Yeves Miquel, Enrique"]
[Result "0-1"]
[WhiteElo "1852"]
[BlackElo "1713"]
[PlyCount "74"]
[EventDate "2013.09.29"]
[EventType "swiss"]
[EventRounds "9"]
[EventCountry "ESP"]
[SourceTitle "Ajedrez en Madrid"]
[Source "lmi"]
[SourceDate "2013.09.29"]
[SourceVersion "1"]
[SourceVersionDate "2013.12.25"]
[SourceQuality "1"]

1. d4 Nf6 2. c4 e6 3. Nc3 Bb4 4. Bg5 c5 5. a3 cxd4 6. axb4 dxc3 7. bxc3 b6 8.
e3 Bb7 9. Nf3 O-O 10. Be2 d5 11. O-O Nbd7 12. cxd5 Bxd5 13. c4 Bb7 14. Qa4 Qc8
15. Rac1 Bc6 16. Qa1 Ne4 17. Be7 Re8 18. Bh4 Bb7 19. Rfd1 h6 20. c5 bxc5 21.
bxc5 Ndxc5 22. Qa3 Qc6 23. Ne5 Qa4 24. Qxa4 Nxa4 25. Rd7 Nec3 26. Bf1 Bd5 27.
Nxf7 Rec8 28. Ra1 a5 29. Ne5 Nc5 30. Rf7 Nb3 31. Re1 a4 32. Rf4 a3 33. Bc4 Bxc4
34. Rxc4 a2 35. Rxc8+ Rxc8 36. Ng6 Ne2+ 37. Kf1 Rc1 0-1